Normal view MARC view

Entry Términos de género/forma

Number of records used in: 2

001 - NÚMERO DE CONTROL

  • campo de control: 193638

003 - IDENTIFICADOR DE NÚMERO DE CONTROL

  • campo de control: ES-MaACL

005 - FECHA Y HORA DE LA ÚLTIMA TRANSACCIÓN

  • campo de control: 20250824011404.0

008 - ELEMENTOS DE DATO DE LONGITUD-FIJA

  • campo de control de longitud fija: 230517|| aca||aabn | a|a d

040 ## - FUENTE DE CATALOGACIÓN

  • Centro catalogador/agencia de origen: ES-MaACL
  • Centro/agencia transcriptor: ES-MaACL

155 ## - ENCABEZAMIENTO--TÉRMINO DE GÉNERO/FORMA

  • Término de género/forma: Partituras vocales

455 ## - TRAZADO DE VÉASE--TÉRMINO GÉNERO/FORMA

  • Término de género/forma: Partes de apuntar

455 ## - TRAZADO DE VÉASE--TÉRMINO GÉNERO/FORMA

  • Término de género/forma: Partituras para voz

455 ## - TRAZADO DE VÉASE--TÉRMINO GÉNERO/FORMA

  • Término de género/forma: Reducciones vocales

670 ## - FUENTE DE DATOS ENCONTRADOS

  • Cita de la fuente: Work cat.: (ES-MaACL)192734: Martínez Rücker, Cipriano 1861-1924 193636, El peluquero de la condesa : op. 10 /